000 00277nam a22001337a 4500
008 170811b xxu||||| |||| 00| 0 eng d
020 _a9790130631311
041 _aeng
080 _a51
100 _a36
101 _aMAT
245 _aCALCULUS
_cFINNEY,R.L
942 _2udc
_cBK
999 _c23256
_d23256